| 000 | 00904nab a2200217 i 4500 | ||
|---|---|---|---|
| 001 | 768714001 | ||
| 003 | CO-MdFUSB | ||
| 005 | 20240814093414.0 | ||
| 008 | 240814t1923 cr ||||| |||| 00| 0 eng d | ||
| 040 |
_bspa _cCO-MdFUSB _dCO-MdFUSB |
||
| 041 | _aeng | ||
| 245 | _aLift up your eyes, and look on the fields | ||
| 520 | _aUn recorrido por como fue la evangelización en América Latina, y se recordó que Jesús insistió en algo más que simplemente abrir los ojos y ver; también dijo que orar al Señor para que enviara trabajadores a recoger su mies. | ||
| 546 | _aTexto en inglés. | ||
| 650 | 0 |
_aEvangelización _9362 |
|
| 650 | 0 |
_aPredicación _954 |
|
| 650 | 0 |
_aMisiones _9154 |
|
| 773 | 0 |
_070761 _982937 _oR2741 _tLatin America Mission _w(CO-MdFUSB)768714001 _gVolumen 3, (número 1, 1923), páginas: 3 - 5 _qpágina: 3 |
|
| 942 | _cANA | ||
| 945 | _aCatherine Arias Álvarez - Practicante SENA | ||
| 999 |
_c70809 _d70809 |
||